NZ cricketers who have played in the IPL - Statistics

General Stats
  • This quiz has been taken 273 times
  • The average score is 12 of 24
Answer Stats
Hint Answer % Correct
bowl 15-17 Trent Boult
91%
bat 15-17 Kane Williamson
84%
bat 08-17 Brendon McCullum
81%
bowl 11, 14-17 Tim Southee
80%
bat 08-14 Ross Taylor
76%
all rounder 08-13 Daniel Vettori
69%
bat 16-17 Martin Guptill
65%
all rounder 14-17 Corey Anderson
52%
all rounder 14-15 Jimmy Neesham
48%
bowl 10 Shane Bond
45%
bat 08 Stephen Fleming
45%
bowl 14-17 Matt Henry
41%
all rounder 15-16 Colin Munro
40%
bat 08-12 Scott Styris
40%
bowl 17 Lockie Ferguson
38%
wicket 08-09 Luke Ronchi
38%
bowl 15-17 Adam Milne
37%
all rounder 17 Colin de Grandhomme
37%
all rounder 08-13 Jacob Oram
37%
bat 09-13 Jesse Ryder
35%
bowl 15-17 Mitchell McClenaghan
32%
bowl 08-10 Kyle Mills
31%
all rounder 11-13 James Franklin
22%
bowl 12 Doug Bracewell
14%
No matching quizzes found
Score Distribution
Percent of People with Each Score
Percentile by Number Answered
Your Score History
You have not taken this quiz